[Event "World op 43rd"]
[Site "Arlington"]
[Date "2015.07.04"]
[Round "7"]
[White "Bodek, Michael H"]
[Black "Chandran, Kapil"]
[Result "1/2-1/2"]
[WhiteElo "2425"]
[BlackElo "2257"]
[PlyCount "161"]
[EventDate "2015.07.01"]
[EventType "swiss"]
[EventRounds "9"]
[EventCountry "USA"]
[SourceTitle "CBM 167 Extra"]
[Source "ChessBase"]
[SourceDate "2015.09.14"]
[SourceVersion "1"]
[SourceVersionDate "2015.09.14"]
[SourceQuality "1"]

1. e4 c5 2. Nf3 e6 3. Nc3 a6 4. g3 b5 5. d4 cxd4 6. Nxd4 Bb7 7. Bg2 Nf6 8. 0-0 b4 9. Na4 Bxe4 10. Bxe4 Nxe4 11. Re1 d5 12. c4 bxc3 13. Nxc3 Be7 14. Nxe4 dxe4 15. Rxe4 0-0 16. Be3 Qd5 17. Qc2 Bf6 18. a3 Nd7 19. Nxe6 Rac8 20. Rd1 Qxe6 21. Qxc8 Qxe4 22. Qxd7 Bxb2 23. a4 h6 24. a5 Re8 25. Qd3 Qf3 26. Rb1 Bf6 27. Re1 Bg5 28. Qxa6 Rxe3 29. Rxe3 Bxe3 30. fxe3 Qxe3+ 31. Kg2 Qe4+ 32. Kf2 Qd4+ 33. Kf3 Qd5+ 34. Ke3 Qe5+ 35. Kd3 Qd5+ 36. Kc3 Qc5+ 37. Kb3 Qd5+ 38. Kb4 Qd2+ 39. Kb5 Qd5+ 40. Kb6 Qd6+ 41. Kb7 Qd7+ 42. Kb8 Kh7 43. Qb6 Qe8+ 44. Kc7 Qe7+ 45. Kc6 Qe6+ 46. Kc5 Qe5+ 47. Kc4 Qe4+ 48. Kc3 Qe5+ 49. Kd3 Qd5+ 50. Ke3 Qe5+ 51. Kf2 Qf5+ 52. Kg1 Qe4 53. Qb5 Qe3+ 54. Kg2 Qe4+ 55. Kf2 Qd4+ 56. Kf3 g6 57. a6 Qf6+ 58. Kg2 Qe6 59. a7 Qa2+ 60. Kg1 Qxa7+ 61. Kg2 Qd4 62. Qb7 Qc4 63. Qe7 Qe6 64. Qc7 g5 65. Qc2+ Kg7 66. Qc3+ Kg6 67. Qd3+ f5 68. Qd1 Qc6+ 69. Kf2 Qb6+ 70. Kg2 Qe6 71. Kf2 Qc6 72. Kg1 Qc5+ 73. Kg2 Qe5 74. Kf2 h5 75. Qd3 h4 76. Qa6+ Kh5 77. Qd3 h3 78. Kf3 g4+ 79. Kf2 Kg6 80. Qa6+ Kg5 81. Qe2 1/2-1/2

[Event "Arlington DC op 3rd"]
[Site "Arlington"]
[Date "2015.06.30"]
[Round "9"]
[White "Mulyar, Michael A"]
[Black "Chandran, Kapil"]
[Result "1/2-1/2"]
[WhiteElo "2392"]
[BlackElo "2257"]
[PlyCount "53"]
[EventDate "2015.06.25"]
[EventType "swiss"]
[EventRounds "9"]
[EventCountry "USA"]
[SourceTitle "CBM 167 Extra"]
[Source "ChessBase"]
[SourceDate "2015.09.14"]
[SourceVersion "1"]
[SourceVersionDate "2015.09.14"]
[SourceQuality "1"]

1. c4 Nf6 2. Nf3 e6 3. g3 c5 4. Bg2 Qc7 5. 0-0 Be7 6. b3 0-0 7. d4 cxd4 8. Nxd4 a6 9. Bb2 Nc6 10. Nc3 d6 11. Rc1 Nxd4 12. Qxd4 Bd7 13. Rfd1 Rfd8 14. Qf4 Rac8 15. Ne4 Nxe4 16. Bxe4 Bc6 17. Rd3 h6 18. h4 Bf8 19. Bxc6 Qxc6 20. Ba3 Rd7 21. Rcd1 Rcd8 22. Qd2 d5 23. Bxf8 Kxf8 24. Qb4+ Kg8 25. cxd5 Rxd5 26. Rxd5 Rxd5 27. Rxd5 1/2-1/2

[Event "USA tt Wildcard"]
[Site "ICC INT"]
[Date "2014.11.05"]
[Round "1"]
[White "Panchanatham, Vignesh"]
[Black "Chandran, Kapil"]
[Result "1-0"]
[WhiteElo "2283"]
[BlackElo "2264"]
[PlyCount "71"]
[EventDate "2014.11.05"]
[EventType "team-match"]
[EventRounds "1"]
[EventCountry "USA"]
[SourceTitle "EXT 2015"]
[Source "ChessBase"]
[SourceDate "2014.11.20"]
[SourceVersion "1"]
[SourceVersionDate "2014.11.20"]
[SourceQuality "1"]
[WhiteTeam "San Francisco"]
[BlackTeam "Connecticut"]
[WhiteTeamCountry "USA"]
[BlackTeamCountry "USA"]

1. d4 Nf6 2. c4 e6 3. Nf3 c5 4. d5 b5 5. e4 Nxe4 6. Bd3 Nf6 7. 0-0 Bb7 8. Nc3 Be7 9. Nxb5 exd5 10. cxd5 Bxd5 11. Bf4 d6 12. Re1 0-0 13. Ng5 a6 14. Nxh7 axb5 15. Nxf6+ Bxf6 16. Qh5 g6 17. Bxg6 fxg6 18. Qxd5+ Kg7 19. Qxa8 Bxb2 20. Qb7+ Rf7 21. Bh6+ Kg8 22. Qxb5 Be5 23. f4 Bd4+ 24. Kh1 Nd7 25. Bg5 Qa8 26. Rab1 Qxa2 27. Qd3 Kg7 28. Qh3 Qc2 29. Rb8 Nf8 30. Bh6+ Kg8 31. Bxf8 Rxf8 32. Rxf8+ Kxf8 33. Qc8+ Kf7 34. Qd7+ Kf6 35. Qe7+ Kf5 36. Qg5# 1-0

[Event "Las Vegas Millionaire op"]
[Site "Las Vegas"]
[Date "2014.10.13"]
[Round "8"]
[White "Brendel, Oliver"]
[Black "Chandran, Kapil"]
[Result "0-1"]
[WhiteElo "2359"]
[BlackElo "2198"]
[PlyCount "94"]
[EventDate "2014.10.09"]
[EventType "swiss"]
[EventRounds "9"]
[EventCountry "USA"]
[SourceTitle "CBM 162 Extra"]
[Source "ChessBase"]
[SourceDate "2014.10.17"]
[SourceVersion "1"]
[SourceVersionDate "2014.10.17"]
[SourceQuality "1"]

1. c4 c5 2. g3 Nf6 3. Bg2 e6 4. Nf3 Qc7 5. Nc3 a6 6. 0-0 Be7 7. b3 b6 8. d4 cxd4 9. Nxd4 Bb7 10. Bf4 Qc8 11. Nf3 0-0 12. Na4 Qc6 13. Rc1 d6 14. Qd2 Nbd7 15. Qb4 Rab8 16. Rfd1 Nc5 17. Ne1 Qc7 18. Bxb7 Rxb7 19. Nxc5 bxc5 20. Qd2 Rd8 21. Nc2 Qc6 22. Qd3 Rbd7 23. Qc3 h6 24. Qf3 Qxf3 25. exf3 d5 26. Ne1 d4 27. Nd3 Rb7 28. Bd2 Nd7 29. b4 Rc8 30. a3 Rbc7 31. Bf4 Rc6 32. b5 axb5 33. cxb5 Rb6 34. a4 g5 35. Ne5 Rb7 36. Rxd4 Nb6 37. Rdd1 gxf4 38. a5 Nd5 39. b6 fxg3 40. hxg3 Nb4 41. Rd7 Rxd7 42. Nxd7 Na6 43. Kf1 f6 44. Ke2 Rd8 45. Rd1 Kf7 46. b7 Ke8 47. Nb6 Rxd1 0-1

[Event "Las Vegas Millionaire op"]
[Site "Las Vegas"]
[Date "2014.10.13"]
[Round "9"]
[White "Chandran, Kapil"]
[Black "Zuluaga Mancilla, Cesar"]
[Result "1/2-1/2"]
[WhiteElo "2198"]
[BlackElo "2344"]
[PlyCount "75"]
[EventDate "2014.10.09"]
[EventType "swiss"]
[EventRounds "9"]
[EventCountry "USA"]
[SourceTitle "CBM 162 Extra"]
[Source "ChessBase"]
[SourceDate "2014.10.17"]
[SourceVersion "1"]
[SourceVersionDate "2014.10.17"]
[SourceQuality "1"]

1. e4 c5 2. Nf3 e6 3. d4 cxd4 4. Nxd4 a6 5. Nc3 Qc7 6. g3 Nf6 7. Bg2 Nc6 8. 0-0 d6 9. Re1 Bd7 10. Nxc6 bxc6 11. Na4 e5 12. c4 Be6 13. c5 dxc5 14. Qc2 c4 15. Be3 Bb4 16. Rec1 Nd7 17. Bf1 c3 18. Nxc3 Qb7 19. Na4 Rc8 20. Nc5 Bxc5 21. Bxc5 f6 22. Qa4 Nxc5 23. Rxc5 Qxb2 24. Rxc6 Kf7 25. Rd1 Qxa2 26. Qxa2 Bxa2 27. Rxa6 Be6 28. Rdd6 Bg4 29. h3 Bf3 30. Ra7+ Kg6 31. Bg2 Rc1+ 32. Kh2 Bxg2 33. Kxg2 Rc4 34. Rdd7 Rg8 35. Kf3 Rc3+ 36. Ke2 Rb3 37. h4 h5 38. Rdc7 1/2-1/2